Tratado de psicología evolutiva / (Record no. 126304)

MARC details
000 -LEADER
campo de control de longitud fija 00525nam a2200169 4500
001 - NÚMERO DE CONTROL
campo de control 126304
003 - IDENTIFICADOR DE NÚMERO DE CONTROL
campo de control ES-MaACL
005 - FECHA Y HORA DE LA ÚLTIMA TRANSACCIÓN
campo de control 20230906192809.0
007 - CAMPO FIJO DE DESCRIPCIÓN FÍSICA--INFORMACIÓN GENERAL
campo de control de longitud fija t|
008 - DATOS DE LONGITUD FIJA--INFORMACIÓN GENERAL
campo de control de longitud fija 070214s1966 sp r ||||1| spa d
100 1# - ENTRADA PRINCIPAL--NOMBRE DE PERSONA
Nombre de persona Remplein, Heinz.
9 (RLIN) 96153
245 10 - MENCIÓN DEL TÍTULO
Título Tratado de psicología evolutiva /
Mención de responsabilidad, etc. Heinz Remplein ; [traducción por Angel Aymat Otasolo].
260 ## - PUBLICACIÓN, DISTRIBUCIÓN, ETC.
Lugar de publicación, distribución, etc. Barcelona [etc.] :
Nombre del editor, distribuidor, etc. Labor,
Fecha de publicación, distribución, etc. 1966.
300 ## - DESCRIPCIÓN FÍSICA
Extensión XXIII, 756 p. ;
Dimensiones 22 cm.
700 1# - ENTRADA AGREGADA--NOMBRE PERSONAL
Nombre de persona Aymat Otasolo, Angel.
9 (RLIN) 24175
852 ## - LOCALIZACIÓN
Ubicación ES-MaACL
Número de control de estantería C-29344
Sublocalización o colección R.59792
Holdings
Estatus retirado Estado de pérdida Estado de daño No para préstamo Biblioteca de origen Biblioteca actual Ubicación en estantería Fecha de adquisición Fuente de adquisición Total de préstamos Signatura topográfica completa Código de barras Visto por última vez Precio de reemplazo Tipo de ítem Koha
        Biblioteca del Ateneo de Madrid Biblioteca del Ateneo de Madrid Depósito 2 17/01/2008     C-29344 1131554 23/02/2023 23/02/2023 Libro impreso